Podróż po świecie - Statystyki

Ogólne statystyki
  • Ten quiz został rozwiązany 84 razy
  • Średni wynik to 19 z 25
Statystyki odpowiedzi
Kierunek Państwo w którym się
znajdujesz
% Poprawnych
START Polska
100%
Północny Wschód Litwa
94%
Północ Estonia
92%
Północ Finlandia
92%
Północ Łotwa
92%
Zachód Szwecja
92%
Południowy Zachód Dania
89%
Południowy Zachód Francja
89%
Południowy Zachód Hiszpania
89%
Południe Niemcy
89%
Południe Maroko
83%
Wschód Algieria
76%
Wschód Egipt
73%
Wschód Libia
73%
Północny Wschód Izrael
71%
Wschód Irak
70%
Wschód Iran
70%
Północny Wschód Syria
70%
Wschód Chiny
64%
Północ Kazachstan
64%
Północ Turkmenistan
64%
Północ Uzbekistan
64%
Południe Wietnam
59%
Południowy Zachód Kambodża
56%
Zachód Tajlandia
56%
Nie znaleziono quizów pasujących do podanych kryteriów
Rozkład punktacji
Procent ludzi z każdym wynikiem
Percentyl według liczby udzielonych odpowiedzi
Twoja historia wyników
Nie rozwiązałeś tego quizu